|
|
|
|
| LEADER |
00000nam a2200000 a 4500 |
| 001 |
vtls001057664 |
| 003 |
SK-MaSNL |
| 005 |
20260301152734.0 |
| 008 |
240314s1971 xr a f np 00000 cze |
| 020 |
|
|
|q (brož.)
|
| 035 |
|
|
|a SNK000000469
|
| 040 |
|
|
|a SNK
|b slo
|c SNK
|e AACR2
|
| 041 |
0 |
|
|a cze
|
| 044 |
|
|
|a CZ
|
| 072 |
|
7 |
|a 621.3
|x Elektrotechnika
|2 konspekt
|
| 080 |
|
|
|a 621.313.13
|2 2011
|
| 080 |
|
|
|a (035)
|2 2011
|
| 100 |
1 |
|
|a Bartoň, Jan
|4 aut
|9 276308
|
| 245 |
1 |
0 |
|a Obsluha a údržba elektromotorů
|c Jan Bartoň
|
| 250 |
|
|
|a 2. dopln. a přeprac. vyd.
|
| 260 |
|
|
|a Praha
|b Práce
|c 1971
|
| 300 |
|
|
|a 216, [2] s.
|c 21 cm
|
| 366 |
|
|
|e 8000 výtl.
|
| 490 |
1 |
|
|a Technické příručky Práce
|v sv. 172
|
| 504 |
|
|
|a Obsahuje bibliografiu na strane 216-[217]
|
| 650 |
0 |
7 |
|a elektrické motory
|2 SNKPH
|9 50912
|
| 650 |
0 |
7 |
|a obsluha a údržba
|2 SNKPH
|9 513565
|
| 650 |
0 |
7 |
|a Electric motors
|2 SNKPHeng
|9 344693
|
| 655 |
|
7 |
|a príručky
|2 SNKPH
|9 74364
|
| 655 |
|
7 |
|a Handbooks, manuals, etc.
|2 SNKPHeng
|9 90964
|
| 830 |
|
0 |
|a Technické příručky Práce
|9 282375
|
| 958 |
|
|
|a RK
|
| 958 |
|
|
|a OND
|
| 958 |
|
|
|a NB
|
| 999 |
|
|
|c 790010
|d 791940
|
| 952 |
|
|
|t P60, <04>, [BOOK], {604}
|a SNK
|b SNK
|y VYP
|7 0
|p 17A0209962
|o snkIC 49762 D1
|i snkKIP 7017/71
|0 0
|1 1
|4 0
|d 1995-02-17
|l 0
|r 2004-12-31 00:00:00
|w 2026-02-24
|
| 952 |
|
|
|t P60, <04>, [BOOK], {604}
|a SNK
|b SNK
|y VYP
|7 0
|p 17A0231773
|o snkIC 49762
|0 0
|1 0
|4 0
|d 2000-03-23
|l 0
|r 2004-12-31 00:00:00
|w 2026-02-24
|